LEADER 01320nam0 22002651i 450 001 UON00208034 005 20231205103322.715 011 $a1136-9698 100 $a20030730d1998 |0itac50 ba 101 $aeng$aSPA 102 $aGB 105 $a||||a ||||| 200 1 $a Bibliografia Nacional Española desde 1976 en CD-ROM (anno, 1998). Biblioteca Nacional de Madrid. Chadwyck Healey 606 $aBIBLIOGRAFIA CORRENTE$3UONC043550$2FI 606 $aBIBLIOGRAFIA SPAGNOLA$xSec. 16.-20.$3UONC062483$2FI 620 $dCambridge$3UONL000022 676 $a015.46$cBibliografie e cataloghi di opere per luogo di pubblicazione. Spagna$v21 712 02$aBiblioteca Nacional$cMadrid$3UONV029344 712 $aChadwyck-Healey$3UONV267751$4650 801 $aIT$bSOL$c20250620$gRICA 912 $aUON00208034 950 $aSIBA - SISTEMA BIBLIOTECARIO DI ATENEO$dSI S.C S.C Smarrito $eSI LO 63428 7 $sSmarrito 950 $aSIBA - SISTEMA BIBLIOTECARIO DI ATENEO$dSI S.C S.C. Smarrito $eSI LO 63420 7 $sSmarrito 996 $aBibliografia Nacional Española desde 1976 en CD-ROM (anno, 1998). Biblioteca Nacional de Madrid. Chadwyck Healey$91258805 997 $aUNIOR LEADER 00918nam0 22002531i 450 001 UON00255199 005 20231205103648.474 100 $a20040706d1970 |0itac50 ba 101 $afre 102 $aCH 105 $a||||0 ||||| 200 1 $aˆLa ‰vie en France au moyen âge$ede la fin du XII au milieu du XIV siècle. 2: D'après des moralistes du temps$fCh.-V. Langlois 205 $aRist. anast 210 $aGenève$cSlatkine Reprints$d1970 215 $aXXVIII, 387 p., [20] c. di tav.$cill.$d22 cm 606 $aFrancia$xVita sociale$xMedioevo$3UONC065798$2FI 620 $aCH$dGenève$3UONL003003 676 $a840.1$cLetteratura francese medievale (fino al 1400)$v21 700 1$aLANGLOIS$bCharles-Victor$3UONV149700$0177239 712 $aSlatkine Reprints$3UONV257020$4650 801 $aIT$bSOL$c20260130$gRICA 912 $aUON00255199 996 $aVie en France au moyen age$976371 997 $aUNIOR